| 000 | 00515 a2200169 4500 | ||
|---|---|---|---|
| 003 | OSt | ||
| 005 | 20231229111859.0 | ||
| 008 | 231229b |||||||| |||| 00| 0 eng d | ||
| 020 | _a9789350724712 | ||
| 040 | _coclc | ||
| 082 |
_a891.433 _bRAI/S |
||
| 100 |
_aRai, Vibhuti Narain _910229 |
||
| 245 |
_aSHAHAR MEIN CURFEW TATHA ANYA CHAAR UPANYAS / _cVibhuti Narain Rai |
||
| 260 |
_aNew Delhi: _bVani Prakashan, _c2014. |
||
| 300 | _a576p | ||
| 942 |
_2ddc _cBK _h891.433 _iRAI/S _k891.433 _mRAI/S |
||
| 999 |
_c43613 _d43613 |
||